logo

Bir Sreshtho Munshi Abdur Rouf Library
Jhenaidah Cadet College

The making of a book / (Record no. 4575)

MARC details
000 -LEADER
fixed length control field 00550nam a2200217 a 4500
001 - CONTROL NUMBER
JCCL Control Number 4575
003 - CONTROL NUMBER IDENTIFIER
JCCL marc code BD-JhCC
005 - DATE AND TIME OF LATEST TRANSACTION
control field 20171128200804.0
008 - FIXED-LENGTH DATA ELEMENTS--GENERAL INFORMATION
fixed length control field 171128s1955 e |||| ||a| 000 0 eng d
035 ## - SYSTEM CONTROL NUMBER
system control number (BD-JhCC) 4575
040 ## - CATALOGING SOURCE
Original cataloging agency BD-JhCC
Modifying agency BD-JhCC
041 ## - LANGUAGE CODE
Language code of Book eng
082 ## - DEWEY DECIMAL CLASSIFICATION NUMBER
Classification number 655
Author mark and Year CAM 1955
100 ## - MAIN ENTRY--PERSONAL NAME
Personal name Campbell, G.A
245 ## - TITLE STATEMENT
Title The making of a book /
Statement of responsibility, etc G.A Campbell
260 ## - PUBLICATION, DISTRIBUTION, ETC. (IMPRINT)
Place of publication, distribution, etc London :
Name of publisher, distributor, etc Oxford University Press ,
Date of publication, distribution, etc 1955
300 ## - PHYSICAL DESCRIPTION
Pagination 88 p .:
Dimensions 17 cm .
650 ## - SUBJECT ADDED ENTRY--TOPICAL TERM
Topical term or geographic name as entry element Book Industries and trade
942 ## - ADDED ENTRY ELEMENTS (KOHA)
Source of classification or shelving scheme Dewey Decimal Classification
Koha item type Books
Holdings
Source of classification or shelving scheme Damaged status Not for loan Home library Current library Shelving location Date of accession Total Checkouts Full call number Barcode Date last seen Copy number Koha item type
Dewey Decimal Classification     JCC Rouf Library JCC Rouf Library General Stacks 11/29/2017   655 CAM 1955 6434 11/28/2017 C-1 Books

JCC Library | Contacts | JCC Home

Last Update on 23 September 2017
Copyright @ 2017-2020 JCC Rouf Library
Rouf Library, Jhenidah Cadet College (JCC), Bangladesh